000 00627nam a2200181Ia 4500
008 100920s9999 xx 000 0 und d
082 _b96452
_a891.43 न 05
100 _aगर्ग राजीव.
245 _aविचित्र समुद्री जीव.
260 _bसाहित्य सहकार,दिल्ली.
_c2005
300 _a104
_bसाधी
365 _b100
520 _aहिंदी.
630 _aविचित्र समुद्री जीव.
650 _aहिंदी.
730 _aविचित्र समुद्री जीव.
942 _cBOOK
999 _c736892
_d736889